| 000 | 01108nam a22003257a 4500 | ||
|---|---|---|---|
| 003 | CHAP | ||
| 005 | 20220329134908.0 | ||
| 008 | 971013s1911 r 00010 d | ||
| 010 | _a27680 | ||
| 011 | _a28652 | ||
| 035 | _a32758 | ||
| 040 | _cCHAP | ||
| 090 | _aFolleto 4884 | ||
| 100 | 0 | 0 |
_aConradt, Leopoldo. _927266 |
| 245 |
_aManera más apropiada de colectar _b: conservar y enviar mosquitos |
||
| 260 |
_a(México, D.F. ) : _bEstación Agrícola Centrol, _c1911 |
||
| 300 |
_a5 p. _b: ilus. |
||
| 490 |
_aEstación Agrícola la Central. Circular _v; 40 |
||
| 590 |
_aBATCH-UPD _b10 _c20130110 _lUCH01 _h2305 |
||
| 590 |
_aBATCH-UPD _b10 _c20130410 _lUCH01 _h1557 |
||
| 590 |
_aBATCH-UPD _b10 _c20130914 _lUCH01 _h1646 |
||
| 590 |
_aCONVERSION _b10 _c20130109 _lUCH01 _h1316 |
||
| 650 | 1 | 4 |
_aInsectos _xColección y preservación. _958905 |
| 650 | 1 | 4 |
_aMosquitos. _979027 |
| 830 | 0 |
_aEstación Agrícola la Central. Circular _v; 40 _938213 |
|
| 901 | _aBK | ||
| 942 | _cFOLL | ||
| 949 |
_aFolleto 4884 _bBC _cFOLL _d-76355 _eTS1 _i32758 _mD _si |
||
| 949 |
_aFolleto 4884 _bBC _cFOLL _d-76358 _eTS2 _fc.2 _i32758 _si |
||
| 999 |
_c27680 _d27680 |
||